000 00356nam a2200157Ia 4500
003 OSt
005 20240224165908.0
008 170524s9999 xx 000 0 und d
020 _a978-8131704813
040 _cIIMT UNIVERSITY MEERUT
100 _aMahajan- AS
245 0 _aElectricity and Magnetism
260 _bTMH
260 _c2003
942 _2ddc
_c02
999 _c5263
_d5263